La Géographie et la Démographie : N°01 (notice n° 1512634)
[ vue normale ]
| 000 -LEADER | |
|---|---|
| fixed length control field | 00876cam a2200133 4500500 |
| 005 - DATE AND TIME OF LATEST TRANSACTION | |
| control field | 20251012001536.0 |
| 041 ## - LANGUAGE CODE | |
| Language code of text/sound track or separate title | fre |
| 042 ## - AUTHENTICATION CODE | |
| Authentication code | dc |
| 100 10 - MAIN ENTRY--PERSONAL NAME | |
| Personal name | Michaud, Yves |
| Relator term | author |
| 245 00 - TITLE STATEMENT | |
| Title | La Géographie et la Démographie : N°01 |
| 260 ## - PUBLICATION, DISTRIBUTION, ETC. | |
| Name of publisher, distributor, etc. | Odile Jacob,<br/> |
| Date of publication, distribution, etc. | 2002.<br/> |
| 520 ## - SUMMARY, ETC. | |
| Summary, etc. | Les grandes questions que posent la géographie et la démographie aujourd’hui : l’homme et la ville à travers les enjeux de la croissance et de la mondialisation. L’Université de tous les savoirs : une approche contemporaine des différents domaines de la connaissance dans un esprit qui est à la fois celui du bilan encyclopédique et celui du questionnement d’avenir.Contributions, notamment, de Jean-Claude Chesnais, Olivier Mongin, Marcel Roncayolo |
| 856 41 - ELECTRONIC LOCATION AND ACCESS | |
| Uniform Resource Identifier | <a href="https://shs.cairn.info/la-geographie-et-la-demographie--9782738110541?lang=fr&redirect-ssocas=7080">https://shs.cairn.info/la-geographie-et-la-demographie--9782738110541?lang=fr&redirect-ssocas=7080</a> |
Pas d'exemplaire disponible.




Réseaux sociaux